01546nam a22002295i 450000100190000000500170001900800410003602000180007704000330009504100080012805000210013610000330015724501010019026000400029130000250033152007690035665000450112570000310117094200080120195200920120999900150130199106145899800670620251013111740.0AAMMDD----- ---|||||-|||||-|| -----|c a9781529602029 aES-TaURVbcaterdacES-TaURV aeng aH62 b.S997 2025 aSzulc, Joanna926079eauthor10aDyadic interviews in qualitative research :b: your practical guidec/ Joanna Szulc, Nigel King. aLondon :bSAGE Publications,c2025. a117 pages ; c25 cm. aFrom world-class qualitative experts comes a practical, step-by-step introduction to doing dyadic interviews. Including the perspective of both the interviewer and the interviewee, this book shows how to use this innovative interview technique to gain new insights into your research problem. The book will also equip you with the tools and confidence to overcome potential challenges associated with the method and fully realise its advantages. The book includes: Real world interview extracts so you can see how techniques work in practice; Case studies from a wide range of disciplines and contexts; A researcher’s checklist with step-by-step guidance through the whole research process; Content covering digital methods as well as in-person interviews. 0aQualitative researchxMethodology926080 aKing, Nigel926081eauthor 2lcc 00102lcc4070aTBSbTBSd2025-10-13l0oH62 SZUpB05779r2025-10-13t1w2025-10-13y1 c5024d5024